00000000nem 2200000zi 4500
0019.947113
003CaOODSP
00520250127071939
006m     o  d f      
007ad aznzn
008250120t19811981onc       e  fo 0   eng d
0340 |aa
040 |aCaOODSP|beng|erda|cCaOODSP
043 |an-cn-nk|an-cn-ns|an-us-me|aln-----
0861 |aFs72-44/1981E-PDF
1001 |aDeWolfe, D. L., |eauthor.
24510|aAtlas of tidal currents : |bBay of Fundy and Gulf of Maine.
24613|aAtlas of tidal currents : |bBay of Fundy & Gulf of Maine
255 |aScales differ.
264 1|aOttawa : |bCanadian Hydrographic Service, Fisheries and Oceans Canada, |c1981.
264 4|c©1981
300 |a1 online resource (1 atlas (36 pages)) : |bmaps
336 |acartographic image|bcri|2rdacontent
336 |atext|btxt|2rdacontent
337 |acomputer|bc|2rdamedia
338 |aonline resource|bcr|2rdacarrier
500 |a"This atlas was prepared by D.L. DeWolfe, …"--Introduction.
500 |aDigitized edition from print [produced by Government of Canada Publications Directorate].
650 0|aTidal currents|zFundy, Bay of|vMaps.
650 0|aTidal currents|zMaine, Gulf of|vMaps.
650 0|aNautical charts|zFundy, Bay of.
650 0|aNautical charts|zMaine, Gulf of.
650 6|aCourants de marée|zFundy, Baie de|vCartes.
650 6|aCourants de marée|zMaine, Golfe du|vCartes.
650 6|aCartes nautiques|zFundy, Baie de.
650 6|aCartes nautiques|zMaine, Golfe du.
655 7|aAtlases|2lcgft
655 7|aNautical charts|2lcgft
655 7|aMaps|2lcgft
655 7|aAtlas|2rvmgf
655 7|aCartes nautiques|2rvmgf
655 7|aCartes géographiques|2rvmgf
7102 |aCanadian Hydrographic Service, |eissuing body.
85640|qPDF|s3.12 MB|uhttps://publications.gc.ca/collections/collection_2025/mpo-dfo/Fs72-44-1981-eng.pdf